KOHA-Header-6

Digital Design and Computer Architecture (Record no. 5862)

000 -LEADER
fixed length control field 00338nam a2200133Ia 4500
020 ## - INTERNATIONAL STANDARD BOOK NUMBER
ISBN 978-93-82291-52-7
100 ## - MAIN ENTRY--AUTHOR NAME
Personal name David Money Harris
245 #0 - TITLE STATEMENT
Title Digital Design and Computer Architecture
250 ## - EDITION STATEMENT
Edition statement 2 nd
260 ## - PUBLICATION, DISTRIBUTION, ETC. (IMPRINT)
Place of publication New Delhi
Name of publisher Elsevier
Year of publication 2017
300 ## - PHYSICAL DESCRIPTION
Number of Pages 690
942 ## - ADDED ENTRY ELEMENTS (KOHA)
Koha item type Books
Holdings
Withdrawn status Lost status Collection code Permanent Location Current Location Shelving location Date acquired Full call number Accession Number Koha item type
    Computer Science MAJU MAJU Shelf No.A32 2019-09-15 621.38 9271 Books

Powered by Koha